000 00349nam a2200133Ia 4500
008 210210b1977 xxu||||| |||| 00| 0 eng d
082 _a330 SUNE
100 _aSUNDHARAM (K P M) & SUNDHARAM (E M).
245 _aEconomic analysis.
260 _aND
_bSultan Chand & Sons
_c1977
300 _axiv,I1-pf76
690 _aEconomic Theory
906 _a033109
999 _c83887
_d83887